| 000 | 00623nam a2200229Ia 4500 | ||
|---|---|---|---|
| 003 | OSt | ||
| 005 | 20140326081038.0 | ||
| 008 | 140130s9999 xx 000 0 und d | ||
| 020 | _a1860075711 | ||
| 050 |
_aM 620 _bG976 2006 |
||
| 100 | _aGunston, Bill | ||
| 245 |
_cBill Gunston _aFighting Machines / |
||
| 260 |
_bScholastic, _c2006. _aChina : |
||
| 300 |
_a96 p. : _bcol. ill. ; _c27 cm. |
||
| 440 | _v1 | ||
| 650 |
_aMilitary art and science _vHistory _vJuvenile literature. |
||
| 650 |
_aWeapons _vJuvenile literature. |
||
| 650 | _aWeapons, military. | ||
| 942 |
_cBK _2lcc |
||
| 999 |
_c42037 _d42037 |
||